000 00285nam a22001337a 4500
008 170714b xxu||||| |||| 00| 0 eng d
020 _a0393959139
041 _aeng
080 _a16
100 _a24
101 _aFIL
245 _aTHE ART OF REASONING
_cKELLEY,D
942 _2udc
_cBK
999 _c20798
_d20798